[Event "9th Sunway Sitges 2022"]
[Site "Sitges ESP"]
[Date "2022.12.21"]
[Round "9.41"]
[White "Nurgaliyev, Sauat"]
[Black "Saydaliev, Saidakbar"]
[Result "1/2-1/2"]
[WhiteTitle "CM"]
[BlackTitle "FM"]
[WhiteElo "2150"]
[BlackElo "2419"]
[WhiteFideId "13726285"]
[BlackFideId "14203693"]
[EventDate "2022.12.12"]

1. e4 c5 2. Nf3 d6 3. d4 cxd4 4. Nxd4 Nf6 5. Nc3 a6 6. h3 e5 7. Nb3 h5 8. f4
Nbd7 9. Qf3 b5 10. a3 Bb7 11. Bd3 Rc8 12. Be3 Be7 13. O-O h4 14. Qf2 Nh5 15.
fxe5 Nxe5 16. Nd4 O-O 17. Nf5 g6 18. Be2 Ng7 19. Nxe7+ Qxe7 20. Bh6 Rfe8 21. Qe3
f6 22. Qf4 Nd7 23. Qxh4 Bxe4 24. Qxe4 Qxe4 25. Nxe4 Rxe4 26. Bd3 Rh4 27. Bf4 Ne5
28. Bxe5 fxe5 29. Bxg6 Nh5 30. Rad1 Nf4 31. Bf5 Rf8 32. Bg4 Kg7 33. g3 Nxh3+ 34.
Bxh3 Rxh3 35. Rxf8 Kxf8 36. Rxd6 Rxg3+ 37. Kf2 Rh3 38. Rxa6 Rh2+ 39. Ke3 Rxc2
40. b4 Ke7 41. Kd3 Rh2 42. Ke4 Kd7 43. Kxe5 Kc7 44. Kd5 Rh5+ 45. Kd4 Rh4+ 46.
Kc5 1/2-1/2

[Event "9th Sunway Sitges 2022"]
[Site "Sitges ESP"]
[Date "2022.12.21"]
[Round "9.42"]
[White "Gholami Orimi, Mahdi"]
[Black "Sidhant, Mohapatra"]
[Result "1-0"]
[WhiteTitle "IM"]
[BlackTitle "IM"]
[WhiteElo "2415"]
[BlackElo "2337"]
[WhiteFideId "12558486"]
[BlackFideId "5028698"]
[EventDate "2022.12.12"]

1. d4 d5 2. c4 c6 3. Nf3 Nf6 4. Nc3 e6 5. Bg5 h6 6. Bxf6 Qxf6 7. e3 Nd7 8. Bd3
g6 9. O-O Bg7 10. e4 dxc4 11. e5 Qe7 12. Bxc4 O-O 13. Qe2 b5 14. Bd3 Bb7 15. Ne4
c5 16. Bxb5 cxd4 17. Bxd7 Qxd7 18. Rfd1 Rfd8 19. Rxd4 Qc7 20. Rc4 Qb6 21. Rc2
Ba6 22. Qe1 Rac8 23. Rxc8 Rxc8 24. b4 Rc2 25. Nc5 Bc4 26. a3 Bd5 27. Qe3 a5 28.
Ne1 Rc4 29. Ned3 Bf8 30. Rc1 axb4 31. axb4 Qb5 32. Rxc4 Bxc4 33. Qd4 Bxc5 34.
Nxc5 Qxb4 35. h4 Qb1+ 36. Kh2 Bd5 37. Nd7 Qb7 38. Nf6+ Kg7 39. f3 h5 40. Kg3 Qc6
41. Qd2 Qa8 42. Qg5 Kf8 43. Qh6+ Ke7 44. Nh7 Bc6 45. Qg7 Be8 46. Qf8+ Kd8 47.
Qd6+ Bd7 48. Qb6+ Kc8 49. Ng5 Be8 50. Ne4 Bc6 51. Nd6+ Kd7 52. Nxf7 Ke7 53. Ng5
Qa1 54. Qc5+ Kd8 55. Qd6+ 1-0

[Event "9th Sunway Sitges 2022"]
[Site "Sitges ESP"]
[Date "2022.12.21"]
[Round "9.43"]
[White "Bai, Adelard"]
[Black "Jain, Kashish Manoj"]
[Result "1/2-1/2"]
[WhiteTitle "FM"]
[BlackTitle "FM"]
[WhiteElo "2411"]
[BlackElo "2334"]
[WhiteFideId "16301188"]
[BlackFideId "35081098"]
[EventDate "2022.12.12"]

1. d4 Nf6 2. c4 g6 3. Nf3 Bg7 4. g3 O-O 5. Bg2 d6 6. O-O Nc6 7. Nc3 e5 8. dxe5
dxe5 9. Be3 Be6 10. Qa4 Qc8 11. Rfd1 Re8 12. Nd5 Nd7 13. Ng5 Nb6 14. Qc2 Bxd5
15. cxd5 Nd4 16. Bxd4 exd4 17. Nh3 Nxd5 18. Bxd5 Qxh3 19. Qxc7 Rxe2 20. Qxb7 Rf8
21. Bf3 Rc2 22. Rac1 d3 23. Rxc2 dxc2 24. Rc1 Re8 25. Qb5 Rc8 26. Qd3 Bxb2 27.
Rxc2 Rxc2 28. Qxc2 Bd4 29. Qe4 Qd7 30. Qd5 Qxd5 31. Bxd5 1/2-1/2

[Event "9th Sunway Sitges 2022"]
[Site "Sitges ESP"]
[Date "2022.12.21"]
[Round "9.44"]
[White "Tahay, Alexis"]
[Black "Blasco Coll, Andreu"]
[Result "1/2-1/2"]
[WhiteTitle "IM"]
[BlackTitle "CM"]
[WhiteElo "2400"]
[BlackElo "2294"]
[WhiteFideId "26090961"]
[BlackFideId "22272836"]
[EventDate "2022.12.12"]

1. e4 c5 2. Nf3 Nc6 3. Bb5 g6 4. Bxc6 dxc6 5. d3 Bg7 6. h3 Qc7 7. a3 e5 8. Be3
b6 9. O-O f5 10. exf5 gxf5 11. Qc1 Ne7 12. Bh6 Ng6 13. Re1 O-O 14. Nc3 Ba6 15.
Bxg7 Qxg7 16. Qg5 h6 17. Qg3 f4 18. Qh2 c4 19. dxc4 Bxc4 20. Rad1 Rad8 21. h4
Rxd1 22. Rxd1 e4 23. Nd2 Ne5 24. Qh3 e3 25. fxe3 f3 26. Nxc4 f2+ 27. Kf1 Nxc4
28. Qe6+ Qf7 29. Qg4+ Kh8 30. Qd4+ Kg8 31. Ne4 Qe6 32. b3 Nxa3 33. Rd2 Nb5 34.
Qd3 Re8 35. Nxf2 Qxe3 36. Qxe3 Rxe3 37. h5 Re6 38. Rd8+ Kg7 39. c4 Nd6 40. Rd7+
Kf6 41. Rxa7 b5 42. cxb5 Nxb5 43. Rh7 Kg5 44. Nh3+ Kf5 45. Rg7 Nd4 46. Rg3 c5
47. Rc3 Re5 48. Nf2 Ke6 49. g4 Kd6 50. Kg2 Re2 51. Kf1 Re7 52. Rg3 Kd5 53. g5
hxg5 54. h6 Ne6 55. Re3 Rf7 56. Kg2 Nf8 57. Kg3 Nh7 58. Rd3+ Ke5 59. Nh3 Rf6 60.
Nf2 Rxh6 61. Ng4+ Ke4 62. Rd7 Rh4 63. Rf7 Kd4 64. Rf5 Rh1 65. Nf2 Rg1+ 66. Kh2
Rb1 67. Rf7 Rxb3 68. Rxh7 c4 69. Rd7+ Ke3 70. Kg2 Rb2 71. Re7+ Kd4 72. Kf3 Rb3+
73. Ke2 Rb2+ 74. Ke1 Rb1+ 75. Nd1 c3 76. Rd7+ Ke4 77. Rc7 Rc1 78. Ke2 Rc2+ 79.
Ke1 Rc1 80. Ke2 1/2-1/2

[Event "9th Sunway Sitges 2022"]
[Site "Sitges ESP"]
[Date "2022.12.21"]
[Round "9.45"]
[White "Salimova, Nurgyul"]
[Black "Schneider, Jana"]
[Result "1/2-1/2"]
[WhiteTitle "IM"]
[BlackTitle "FM"]
[WhiteElo "2390"]
[BlackElo "2272"]
[WhiteFideId "2915138"]
[BlackFideId "12924997"]
[EventDate "2022.12.12"]

1. d4 d5 2. Nf3 Nf6 3. c4 e6 4. g3 Be7 5. Bg2 O-O 6. Nc3 dxc4 7. Ne5 Nc6 8. Bxc6
bxc6 9. Nxc6 Qe8 10. Nxe7+ Qxe7 11. Qa4 c5 12. dxc5 Qxc5 13. Be3 Qc7 14. O-O-O
Bb7 15. f3 Nd5 16. Bd4 e5 17. Nxd5 Bxd5 18. Bc3 Be6 19. h4 Qc5 20. Qc2 Rad8 21.
Qe4 f6 22. h5 h6 23. a3 Rfe8 24. g4 Bd5 25. Qc2 e4 26. f4 Qe3+ 27. Qd2 Qxd2+ 28.
Bxd2 e3 29. Ba5 Bxh1 30. Rxd8 Rxd8 1/2-1/2

[Event "9th Sunway Sitges 2022"]
[Site "Sitges ESP"]
[Date "2022.12.21"]
[Round "9.46"]
[White "Kholopov, Alexander A."]
[Black "Sattarov, Bobir"]
[Result "0-1"]
[WhiteTitle "FM"]
[BlackTitle "IM"]
[WhiteElo "2146"]
[BlackElo "2389"]
[WhiteFideId "4148100"]
[BlackFideId "14203081"]
[EventDate "2022.12.12"]

1. d4 Nf6 2. c4 g6 3. Nc3 Bg7 4. e4 d6 5. Be2 O-O 6. Be3 Nc6 7. Nf3 Ng4 8. Bg5
h6 9. Bh4 g5 10. Bg3 Nf6 11. d5 Nb4 12. Nd2 c6 13. h4 g4 14. Bf4 e6 15. a3 Na6
16. Rc1 Nh5 17. Bh2 f5 18. dxe6 Bxe6 19. exf5 Bxf5 20. Bxg4 Qxh4 21. Bxh5 Bg6
22. Bf3 Rae8+ 23. Kf1 Bd4 24. Nde4 c5 25. g3 Qh3+ 26. Bg2 Bxe4 27. Nxe4 Rxe4 28.
Bg1 Qxg3 29. Rc2 Ref4 30. Bd5+ Kh7 31. Rh2 0-1

[Event "9th Sunway Sitges 2022"]
[Site "Sitges ESP"]
[Date "2022.12.21"]
[Round "9.47"]
[White "Velten, Paul"]
[Black "Schulze, Lara"]
[Result "1-0"]
[WhiteTitle "GM"]
[BlackTitle "FM"]
[WhiteElo "2465"]
[BlackElo "2284"]
[WhiteFideId "681091"]
[BlackFideId "12956830"]
[EventDate "2022.12.12"]

1. d4 d5 2. Nf3 Nf6 3. c4 e6 4. Qc2 a6 5. cxd5 exd5 6. Bg5 Bd6 7. Nc3 Be6 8. e3
Nbd7 9. Bd3 c6 10. Bf4 Qc7 11. Bxd6 Qxd6 12. h3 O-O 13. O-O g6 14. Rac1 Qe7 15.
Rfe1 Nb6 16. b3 Nc8 17. e4 dxe4 18. Bxe4 Qd6 19. Qd2 Kg7 20. Bd3 Ne7 21. Ne4
Nxe4 22. Rxe4 h6 23. Rce1 Rae8 24. Bc4 Nd5 25. Bxd5 Qxd5 26. Ne5 Qd8 27. Qb4 Bd5
28. R4e3 b5 29. Nd3 a5 30. Qc3 Qg5 31. Rg3 Qf6 32. Re5 Ra8 33. Rg4 a4 34. Nf4
Qd6 35. Qg3 axb3 36. axb3 Kh7 37. Rh4 Qf6 38. Nxd5 cxd5 39. Rxd5 Ra1+ 40. Kh2
Qe7 41. Qf4 g5 42. Rxg5 Ra6 43. Rgh5 Qe6 44. Rxb5 Rg8 45. Qf5+ Qxf5 46. Rxf5 Kg6
47. Rf3 Rb8 48. Rg4+ 1-0

[Event "9th Sunway Sitges 2022"]
[Site "Sitges ESP"]
[Date "2022.12.21"]
[Round "9.48"]
[White "Fernandez Guillen, Ernesto J."]
[Black "Mamedov, Edgar"]
[Result "1/2-1/2"]
[WhiteTitle "IM"]
[BlackTitle "FM"]
[WhiteElo "2462"]
[BlackElo "2283"]
[WhiteFideId "3512428"]
[BlackFideId "13739980"]
[EventDate "2022.12.12"]

1. Nf3 d5 2. g3 c6 3. Bg2 Bg4 4. d4 Nd7 5. O-O Ngf6 6. Ne5 Bf5 7. c4 e6 8. Nc3
Be7 9. h3 Nxe5 10. dxe5 Ne4 11. Nxe4 dxe4 12. g4 Bg6 13. Qb3 Qb6 14. Qc3 O-O-O
15. Be3 Bc5 16. Bxc5 Qxc5 17. Rfd1 a5 18. a3 a4 19. Qb4 Qxe5 20. e3 h5 21. Qxa4
hxg4 22. hxg4 f5 23. c5 Qxc5 24. Rac1 Rxd1+ 25. Rxd1 Kb8 26. Qb3 fxg4 27. Qxe6
Bf5 28. b4 Bxe6 29. bxc5 Bf5 30. Rd4 Re8 31. Kh2 Kc7 32. Kg3 g5 33. Bf1 Rh8 34.
Rd6 Ra8 35. Rf6 Bd7 36. Rg6 Rxa3 37. Rxg5 b6 38. cxb6+ Kxb6 39. Bg2 Ra5 40. Rg7
Bf5 41. Kf4 Ra2 42. Kg3 c5 43. Rg5 Bd7 44. Bxe4 c4 45. Rg7 Rd2 46. Rg8 c3 47.
Rb8+ Ka5 48. Rb3 c2 49. Rc3 Ba4 50. Bf5 Kb4 51. Rc7 Ka3 52. Bxc2 Bxc2 53. Kxg4
Rxf2 54. Kg5 Rd2 55. Kf4 Kb3 56. Rb7+ Kc4 57. Rc7+ Kb5 58. e4 Kb6 59. Rc3 Ba4
60. e5 Bd7 61. Rc1 Re2 62. Rc3 Bc6 63. Kf5 Bd5 64. Kf6 Kb5 65. Rc8 Kb6 66. Rc1
Bc6 67. Ke6 Kc7 68. Rc3 Ra2 69. Rc1 1/2-1/2

[Event "9th Sunway Sitges 2022"]
[Site "Sitges ESP"]
[Date "2022.12.21"]
[Round "9.49"]
[White "Bulmaga, Irina"]
[Black "Md Imran"]
[Result "1-0"]
[WhiteTitle "IM"]
[BlackTitle "CM"]
[WhiteElo "2432"]
[BlackElo "2279"]
[WhiteFideId "13903063"]
[BlackFideId "25748580"]
[EventDate "2022.12.12"]

1. e4 c5 2. c3 g6 3. Nf3 Bg7 4. d4 cxd4 5. cxd4 d5 6. e5 Nh6 7. Bf4 f6 8. Bb5+
Bd7 9. Qb3 Bxb5 10. Qxb5+ Qd7 11. Nc3 Qxb5 12. Nxb5 Na6 13. O-O g5 14. exf6 exf6
15. Bd2 Kf7 16. h4 g4 17. Ne1 Nf5 18. Nd3 Nxh4 19. Nc3 Nf5 20. Nxd5 Nxd4 21.
N3f4 Rhe8 22. Rfd1 Ne2+ 23. Nxe2 Rxe2 24. Ne3 Ke6 25. Kf1 Rxe3 26. Bxe3 f5 27.
Bd4 Bxd4 28. Rxd4 Rc8 29. Re1+ Kf6 30. Rd6+ Kg5 31. g3 Rc7 32. Kg2 Nb4 33. Re8
Rf7 34. Rg8+ Kh5 35. Rd1 1-0

[Event "9th Sunway Sitges 2022"]
[Site "Sitges ESP"]
[Date "2022.12.21"]
[Round "9.50"]
[White "Castellanos Gomez, Alejandro"]
[Black "Fataliyeva, Ulviyya"]
[Result "1/2-1/2"]
[WhiteTitle "FM"]
[BlackTitle "IM"]
[WhiteElo "2277"]
[BlackElo "2428"]
[WhiteFideId "22284141"]
[BlackFideId "13403052"]
[EventDate "2022.12.12"]

1. d4 Nf6 2. c4 e6 3. Nf3 d5 4. Nc3 c5 5. e3 Nc6 6. cxd5 exd5 7. Be2 cxd4 8.
Nxd4 Bd6 9. O-O O-O 10. Bf3 Be6 11. Nxc6 bxc6 12. b3 Be5 13. Bb2 Qa5 14. Qc2
Rac8 15. Rac1 c5 16. Nxd5 Bxh2+ 17. Kxh2 Nxd5 18. Bxd5 Qc7+ 19. Kg1 Bxd5 20.
Rfd1 Bb7 21. Qf5 Qc6 22. Qg4 g6 23. Qg3 Rfe8 24. Rd6 Qe4 25. Kh2 a5 26. Rc4 Qb1
27. Bc3 Qf5 28. Rf4 Qh5+ 29. Rh4 Qf5 30. Rf4 Qh5+ 31. Rh4 Qf5 32. Rf6 Qd5 33.
Qh3 h5 34. Qg3 Rc6 35. Rhf4 Rxf6 36. Rxf6 Qe4 37. Qg5 Qg4 38. Qxg4 hxg4 39. Rb6
Be4 40. Bxa5 Kf8 41. Bc3 Ke7 42. Kg3 Rc8 43. a4 Rc6 44. Rb7+ Ke6 45. Rb8 f5 46.
a5 Bd5 47. f3 gxf3 48. gxf3 Kd7 49. Kf4 Re6 50. Bd2 Rd6 51. Be1 Re6 52. Bh4 Kc7
53. Rb5 Kc6 54. Rb6+ Kc7 55. Rb5 Kc6 56. Rb6+ Kc7 57. Rxe6 Bxe6 58. Be7 Bxb3 59.
Kg5 Bd5 60. f4 c4 61. Kxg6 Be4 62. Bb4 Kc6 63. Kf6 Kb5 64. Bc3 Bd3 65. Ke5 Be4
66. Kd4 Bd3 67. Ke5 Be4 68. Kd6 Bd3 69. Ke5 Be4 1/2-1/2

[Event "9th Sunway Sitges 2022"]
[Site "Sitges ESP"]
[Date "2022.12.21"]
[Round "9.51"]
[White "Baenziger, Fabian"]
[Black "Ram, Aravind L N"]
[Result "1/2-1/2"]
[WhiteTitle "IM"]
[BlackTitle "FM"]
[WhiteElo "2426"]
[BlackElo "2272"]
[WhiteFideId "1330110"]
[BlackFideId "25033760"]
[EventDate "2022.12.12"]

1. d4 Nf6 2. c4 g6 3. Nc3 d5 4. Nf3 Bg7 5. h3 O-O 6. cxd5 Nxd5 7. e4 Nxc3 8.
bxc3 c5 9. Be2 cxd4 10. cxd4 Nc6 11. Be3 Qa5+ 12. Bd2 Qa3 13. d5 Ne5 14. O-O
Nxf3+ 15. Bxf3 e6 16. Re1 exd5 17. Rb1 Qxa2 18. exd5 a5 19. Bg5 Bf5 20. Rxb7
Rfb8 21. Rxb8+ Rxb8 22. d6 h6 23. Be7 Bc3 24. Bd5 Qb2 25. Rf1 Bf6 26. g4 Bd7 27.
Re1 Re8 28. Qf3 Kg7 29. Re4 g5 30. Re2 Qd4 31. Re4 Qa1+ 32. Kg2 a4 33. Qe3 Bb2
34. Bf6+ Bxf6 35. Rxe8 Qd1 36. Re5 a3 37. Qe4 Qd2 38. Bxf7 Kxf7 39. Qh7+ Kf8 40.
Qxd7 Bxe5 41. Qe7+ Kg8 42. Qxe5 a2 43. Qf6 Qd5+ 44. Kh2 Qf7 45. Qd4 a1=Q 46.
Qxa1 Qxf2+ 47. Kh1 Qf3+ 48. Kh2 Qf2+ 49. Kh1 1/2-1/2

[Event "9th Sunway Sitges 2022"]
[Site "Sitges ESP"]
[Date "2022.12.21"]
[Round "9.52"]
[White "Leisch, Lukas"]
[Black "Sherman, Reem"]
[Result "1-0"]
[WhiteTitle "IM"]
[WhiteElo "2405"]
[BlackElo "2179"]
[WhiteFideId "1632094"]
[BlackFideId "2822288"]
[EventDate "2022.12.12"]

1. e4 c5 2. Nf3 g6 3. c3 d5 4. exd5 Qxd5 5. d4 Bg7 6. Na3 cxd4 7. Nb5 Na6 8.
Nbxd4 Nf6 9. Bb5+ Bd7 10. Bxa6 bxa6 11. O-O O-O 12. Re1 Rfe8 13. Ne5 Rab8 14.
Nxd7 Qxd7 15. Qe2 Nd5 16. Nb3 a5 17. Nxa5 Nxc3 18. bxc3 Bxc3 19. Bh6 Qb5 20.
Qxb5 Rxb5 21. Nb3 g5 22. Rac1 Bxe1 23. Rxe1 f6 24. h4 Rd5 25. hxg5 f5 26. Re6
Kf7 27. Ra6 Ra8 28. g6+ hxg6 29. g3 Rd6 30. Ra5 a6 31. Bf4 Rb6 32. Nc5 g5 33.
Bxg5 Rb5 34. Bd2 Rc8 35. Rxb5 axb5 36. Bb4 e5 37. Kf1 Ke7 38. a3 Kd6 39. Ne4+
Ke6 40. Nc3 Rb8 41. Ke2 Kd7 42. Kf3 Rb7 43. Ke3 Ke6 44. f4 Rb8 45. fxe5 Kxe5 46.
Ne2 Re8 47. Nc3 Rb8 48. Ne2 Re8 49. Nd4 Kf6+ 50. Kf3 Rb8 51. Kf4 Rc8 52. Nxb5
Rc4+ 53. Kf3 Ke5 54. Nd6 Rc1 55. Nf7+ Kf6 56. Ng5 Ke5 57. Ke3 Rc4 58. Nf3+ Kd5
59. Nd2 Rg4 60. Kf3 Rd4 61. Nf1 Ke6 62. Ne3 Rd3 63. Ke2 Rb3 64. Kf3 Rb2 65. Bc5
Rd2 66. Ng2 Rd3+ 67. Kf4 Rc3 68. Bb4 Rc2 69. Kf3 Rc4 70. Nf4+ Ke5 71. Nd3+ Kd4
72. Nf2 Ke5 73. Ke3 Kd5 74. Nd3 Re4+ 75. Kf3 Rc4 76. Be1 Ke6 77. a4 Kf6 78. a5
Ra4 79. Bb4 Kg5 80. Be7+ Kg6 81. Nf4+ Kf7 82. Bd8 Ra3+ 83. Kg2 Ke8 84. Bb6 Kf7
85. Nd5 Kg6 86. Nc7 Rb3 87. a6 Rxb6 88. a7 Rb7 89. a8=Q Rxc7 90. Qe8+ Kf6 91.
Qf8+ Rf7 92. Qh6+ Ke7 93. Kf3 Rf6 94. Qg7+ Ke6 95. Kf4 Rf7 96. Qe5+ Kd7 97. Kg5
Kd8 98. Kg6 Rf8 99. Kg7 Re8 100. Qxf5 1-0

[Event "9th Sunway Sitges 2022"]
[Site "Sitges ESP"]
[Date "2022.12.21"]
[Round "9.53"]
[White "Benmesbah, Natacha"]
[Black "Dionisi, Thomas"]
[Result "1/2-1/2"]
[WhiteTitle "WIM"]
[BlackTitle "IM"]
[WhiteElo "2268"]
[BlackElo "2390"]
[WhiteFideId "642002"]
[BlackFideId "651893"]
[EventDate "2022.12.12"]

1. e4 e5 2. Nf3 Nc6 3. Bc4 Bc5 4. c3 Nf6 5. d4 exd4 6. cxd4 Bb4+ 7. Nbd2 Nxe4 8.
d5 Ne7 9. O-O Nxd2 10. Nxd2 Bxd2 11. Bxd2 O-O 12. d6 cxd6 13. Bb4 d5 14. Bxd5 d6
15. Bb3 Nf5 16. Re1 Qf6 17. Qf3 Qg6 18. Rad1 h5 19. Qf4 Bd7 20. f3 Rfe8 21. Bc2
Rxe1+ 22. Rxe1 Rc8 23. Be4 d5 24. Bd3 Qb6+ 25. Kh1 Rc4 26. Qb8+ Rc8 27. Qf4 Rc4
28. Qb8+ Rc8 1/2-1/2

[Event "9th Sunway Sitges 2022"]
[Site "Sitges ESP"]
[Date "2022.12.21"]
[Round "9.54"]
[White "Wagh, Suyog"]
[Black "Rajarishi, Karthi"]
[Result "1/2-1/2"]
[WhiteTitle "FM"]
[BlackTitle "CM"]
[WhiteElo "2376"]
[BlackElo "2239"]
[WhiteFideId "25071688"]
[BlackFideId "5092523"]
[EventDate "2022.12.12"]

1. d4 d5 2. c4 e6 3. Nc3 Nf6 4. cxd5 exd5 5. Bg5 Be7 6. e3 c6 7. Bd3 Nbd7 8. h3
O-O 9. Qc2 Re8 10. Nf3 Nf8 11. Bf4 Bd6 12. Bxd6 Qxd6 13. O-O Qe7 14. Nd2 Ng6 15.
Rab1 Nh4 16. Rbe1 Qd7 17. f3 Nxg2 18. Kxg2 Qxh3+ 19. Kg1 Qg3+ 20. Kh1 Qh3+ 21.
Kg1 Qg3+ 22. Kh1 Qh3+ 23. Kg1 Qg3+ 1/2-1/2

[Event "9th Sunway Sitges 2022"]
[Site "Sitges ESP"]
[Date "2022.12.21"]
[Round "9.55"]
[White "Aditya, Varun Gampa"]
[Black "Nandhidhaa, P V"]
[Result "1/2-1/2"]
[BlackTitle "WGM"]
[WhiteElo "2249"]
[BlackElo "2358"]
[WhiteFideId "45066183"]
[BlackFideId "5050847"]
[EventDate "2022.12.12"]

1. e4 c6 2. d4 d5 3. exd5 cxd5 4. Bd3 Nf6 5. c3 Bg4 6. Qb3 Qc7 7. h3 Bh5 8. g4
Bg6 9. Bxg6 hxg6 10. g5 Nh5 11. Qxd5 e6 12. Qe4 Bd6 13. Ne2 Nd7 14. Be3 Nb6 15.
Nd2 Nd5 16. O-O-O Rc8 17. Kb1 b5 18. Nb3 a5 19. Nc5 Bxc5 20. dxc5 Nxe3 21. Qxe3
Qxc5 22. Rd4 O-O 23. Rhd1 Qf5+ 24. Ka1 Rc5 25. f4 Kh7 26. Ng3 Nxg3 27. Qxg3 e5
28. Rd8 Kg8 29. Rxf8+ Kxf8 30. Qe3 e4 1/2-1/2

[Event "9th Sunway Sitges 2022"]
[Site "Sitges ESP"]
[Date "2022.12.21"]
[Round "9.56"]
[White "Divya, Deshmukh"]
[Black "Voiteanu, Gabriel"]
[Result "1-0"]
[WhiteTitle "WGM"]
[BlackTitle "FM"]
[WhiteElo "2347"]
[BlackElo "2152"]
[WhiteFideId "35006916"]
[BlackFideId "1208810"]
[EventDate "2022.12.12"]

1. d4 d5 2. Nc3 c5 3. Bf4 Nc6 4. e3 cxd4 5. exd4 Bf5 6. Nf3 e6 7. Bb5 Bb4 8. O-O
Qa5 9. Bxc6+ bxc6 10. Ne2 Nf6 11. Ne5 Rc8 12. c4 O-O 13. c5 Qa6 14. Ng3 Be4 15.
Bg5 Qb7 16. Bxf6 gxf6 17. Nxe4 fxe5 18. Nf6+ Kg7 19. dxe5 Rh8 20. Qb3 Rb8 21.
Qe3 h6 22. a3 Ba5 23. b4 Bd8 24. Nh5+ Kf8 25. f4 f5 26. exf6 Qf7 27. f5 Qxh5 28.
Qxe6 Qe8 29. Qd6+ Kf7 30. Qxb8 Qe4 31. Rae1 Qd4+ 32. Kh1 Bxf6 33. Qc7+ Kf8 34.
Qxc6 Be5 35. f6 1-0

[Event "9th Sunway Sitges 2022"]
[Site "Sitges ESP"]
[Date "2022.12.21"]
[Round "9.57"]
[White "Van Dael, Siem"]
[Black "Gugan G"]
[Result "0-1"]
[WhiteTitle "FM"]
[WhiteElo "2345"]
[BlackElo "2126"]
[WhiteFideId "1049771"]
[BlackFideId "45092931"]
[EventDate "2022.12.12"]

1. e4 e6 2. d4 d5 3. Nc3 Nf6 4. Bg5 Be7 5. e5 Nfd7 6. Bxe7 Qxe7 7. Qg4 f5 8.
exf6 Nxf6 9. Qh4 c5 10. dxc5 Nc6 11. O-O-O Bd7 12. Nb5 O-O 13. Nf3 Ne4 14. Qxe7
Nxe7 15. Re1 Nxf2 16. Rg1 Ne4 17. Nbd4 Nc6 18. Bb5 Nxd4 19. Bxd7 Rxf3 20. gxf3
Nxc5 21. Rg4 Nxf3 22. Re3 Nxd7 23. Rxe6 Nfe5 24. Rg5 Ng6 25. h4 Ndf8 26. Re1 h6
27. Rxd5 Nxh4 28. Re7 b6 29. c4 Nhg6 30. Rb7 Nf4 31. Rf5 N4e6 32. Rff7 g5 33.
Rxa7 Rxa7 34. Rxa7 g4 35. Ra3 h5 36. Kd2 h4 37. Ke3 h3 0-1

[Event "9th Sunway Sitges 2022"]
[Site "Sitges ESP"]
[Date "2022.12.21"]
[Round "9.58"]
[White "Karavade, Eesha"]
[Black "Korkmaz, Necmettin"]
[Result "1-0"]
[WhiteTitle "IM"]
[BlackTitle "CM"]
[WhiteElo "2325"]
[BlackElo "2077"]
[WhiteFideId "5012600"]
[BlackFideId "6303285"]
[EventDate "2022.12.12"]

1. d4 Nf6 2. Nf3 e6 3. c4 b6 4. g3 Ba6 5. Qc2 Bb7 6. Bg2 c5 7. d5 exd5 8. cxd5
Nxd5 9. O-O Be7 10. Rd1 Nc6 11. a3 Nf6 12. e4 Qc7 13. Nc3 d6 14. Nb5 Qb8 15. Bg5
O-O 16. Bxf6 Bxf6 17. Nxd6 Nd4 18. Nxd4 Qxd6 19. e5 Bxe5 20. Bxb7 Bxd4 21. Bxa8
Rxa8 22. Qe4 Rf8 23. Rd2 f5 24. Qf4 Qf6 25. Rb1 g5 26. Qf3 f4 27. g4 h5 28. h3
hxg4 29. hxg4 a5 30. a4 Kg7 31. Kg2 Rh8 32. Rh1 Rxh1 33. Kxh1 Qe6 34. Re2 Qd7
35. b3 Bf6 36. Kg2 Qc8 37. Re4 Qd7 38. Qe2 Qd5 39. f3 Qxb3 40. Qa6 Qc2+ 41. Re2
Qxa4 42. Qb7+ Kg6 43. Qxb6 c4 44. Qe6 c3 45. Qg8+ Kh6 46. Qf7 Qc6 47. Re6 Qxe6
48. Qxe6 Kg7 49. Qd7+ Kh6 50. Qf5 Kg7 51. Qxa5 1-0

[Event "9th Sunway Sitges 2022"]
[Site "Sitges ESP"]
[Date "2022.12.21"]
[Round "9.59"]
[White "Dixit, Nikhil"]
[Black "Vignesh, B"]
[Result "1/2-1/2"]
[WhiteTitle "FM"]
[WhiteElo "2306"]
[BlackElo "2032"]
[WhiteFideId "5059534"]
[BlackFideId "35051555"]
[EventDate "2022.12.12"]

1. e4 g6 2. d4 Bg7 3. Nc3 d6 4. Nf3 a6 5. a4 Bg4 6. Be3 Nd7 7. Be2 c5 8. O-O
Bxf3 9. Bxf3 cxd4 10. Bxd4 Ngf6 11. Ra3 O-O 12. Rb3 Qc7 13. Re1 Rab8 14. Ra3 Ne5
15. Be2 Nc4 16. Bxf6 Bxf6 17. Nd5 Qc6 18. Rf3 Kg7 19. Nxf6 exf6 20. Bxc4 Qxc4
21. Qxd6 Qxc2 22. Qxf6+ Kg8 23. b3 Rbc8 24. h4 Rc6 25. Qf4 h5 26. g3 Rc3 27.
Rxc3 Qxc3 28. Qe3 Rc8 29. e5 Rc6 30. Kg2 Kf8 31. Re2 Qxe3 32. Rxe3 Ke7 33. Kf3
Rc2 34. Re2 Rc3+ 35. Re3 Rc2 36. Re2 Rc3+ 37. Re3 Rc2 1/2-1/2

[Event "9th Sunway Sitges 2022"]
[Site "Sitges ESP"]
[Date "2022.12.21"]
[Round "9.60"]
[White "Ojas, Kulkarni"]
[Black "Lim, Zhuo Ren"]
[Result "1-0"]
[BlackTitle "FM"]
[WhiteElo "2196"]
[BlackElo "2305"]
[WhiteFideId "25040073"]
[BlackFideId "5702488"]
[EventDate "2022.12.12"]

1. c4 c5 2. g3 Nc6 3. Bg2 g6 4. Nc3 Bg7 5. e3 d6 6. Nge2 h5 7. h3 Nh6 8. a3 Bd7
9. Rb1 a5 10. b3 Nf5 11. Bb2 Rb8 12. d3 b6 13. Qd2 e5 14. O-O Nfe7 15. Nb5 Bf5
16. Rbd1 Qd7 17. d4 cxd4 18. exd4 e4 19. Nec3 O-O 20. Kh2 d5 21. cxd5 Nxd5 22.
Nxe4 Nce7 23. a4 h4 24. Ned6 hxg3+ 25. fxg3 Be6 26. Ba3 Rfd8 27. Nc4 Nf5 28.
Nbd6 Bh6 29. Qf2 Nfe3 30. Bxd5 Nxf1+ 31. Rxf1 Bxd5 32. Ne5 Qe7 33. Ndxf7 Qxa3
34. Nxh6+ Kh7 35. Nhf7 Rf8 36. Qf6 Bxf7 37. Nxf7 Qb2+ 38. Kh1 Qd2 39. Qh4+ Kg7
40. Qf6+ Kh7 41. h4 Rbe8 42. h5 Qd3 43. h6 Qe4+ 44. Kg1 Qe3+ 45. Kg2 Qe4+ 46.
Rf3 Rxf7 47. Qxf7+ Kxh6 48. Qf4+ Qxf4 49. Rxf4 Re1 50. Rf6 Rd1 51. Rxb6 Rxd4 52.
Rb5 Rd3 53. g4 Rc3 54. Kf2 Rh3 55. Ke2 Rg3 56. g5+ Kh5 57. Kd2 Kg4 58. Kc2 Kf4
59. Rxa5 Ke4 60. Rb5 Kd4 61. Kb2 Rg2+ 62. Ka3 Kc3 63. Rc5+ Kd4 64. Rb5 Rg3 65.
a5 1-0